[Event "Graz op 20th"]
[Site "Graz"]
[Date "2013.08.29"]
[Round "6"]
[White "Ramadani, Sarah"]
[Black "Toefferl, Heimo"]
[Result "1-0"]
[WhiteElo "1767"]
[BlackElo "2096"]
[PlyCount "99"]
[EventDate "2013.08.24"]
[EventType "swiss"]
[EventRounds "9"]
[EventCountry "AUT"]
[SourceTitle "CBM 156 Extra"]
[Source "ChessBase"]
[SourceDate "2013.10.22"]
[SourceVersion "1"]
[SourceVersionDate "2013.10.22"]
[SourceQuality "1"]

1. e4 e6 2. d4 d5 3. Nd2 Nc6 4. c3 e5 5. dxe5 Nxe5 6. Ndf3 Nxf3+ 7. Nxf3 Be6 8. exd5 Bxd5 9. Be2 Nf6 10. 0-0 Be7 11. h3 0-0 12. Be3 Re8 13. Qc2 c6 14. Rad1 Qc7 15. c4 Be4 16. Qb3 b6 17. Ng5 Bg6 18. Bd3 c5 19. Bxg6 hxg6 20. Rfe1 Nh5 21. Bc1 Bf6 22. Qf3 Bd4 23. Ne4 Rad8 24. g4 Nf6 25. Bf4 Qc6 26. Bg5 Rxe4 27. Rxe4 Nxe4 28. Bxd8 Qe6 29. Bh4 g5 30. Re1 gxh4 31. Qxe4 Qxc4 32. b3 Qc3 33. Re2 Qxh3 34. Qf5 g6 35. Qf4 Qd3 36. Re7 Qg3+ 37. Qxg3 hxg3 38. Rxa7 b5 39. a4 bxa4 40. bxa4 Bxf2+ 41. Kg2 f5 42. gxf5 gxf5 43. a5 f4 44. a6 Kf8 45. Rc7 c4 46. a7 Bxa7 47. Rxa7 c3 48. Rc7 c2 49. Rxc2 Ke7 50. Rc4 1-0

[Event "EU Union-ch U15 11th"]
[Site "Mureck"]
[Date "2013.08.08"]
[Round "9"]
[White "Ptacek, Tomas"]
[Black "Ramadani, Sarah"]
[Result "1-0"]
[WhiteElo "2093"]
[BlackElo "1786"]
[PlyCount "107"]
[EventDate "2013.07.31"]
[EventType "swiss"]
[EventRounds "9"]
[EventCountry "AUT"]
[SourceTitle "CBM 155 Extra"]
[Source "ChessBase"]
[SourceDate "2013.08.26"]
[SourceVersion "1"]
[SourceVersionDate "2013.08.26"]
[SourceQuality "1"]

1. d4 Nf6 2. Nf3 g6 3. Bf4 Bg7 4. e3 0-0 5. Be2 d6 6. h3 Nbd7 7. 0-0 Qe8 8. c3 e5 9. Bh2 Qe7 10. Nbd2 Ne8 11. Nc4 f5 12. dxe5 Nxe5 13. Ncxe5 dxe5 14. Bxe5 Be6 15. Bxg7 Nxg7 16. Qa4 g5 17. Bc4 h5 18. Rad1 c6 19. Nd4 Bf7 20. Bxf7+ Rxf7 21. Qc4 g4 22. Ne2 Ne6 23. Nf4 Nxf4 24. Qxf4 Qh4 25. Rd6 Rg7 26. Rfd1 Rf8 27. Rd7 Rff7 28. Rd8+ Kh7 29. R1d6 Qg5 30. Qxg5 Rxg5 31. h4 Rg6 32. g3 Kg7 33. Kf1 Rxd6 34. Rxd6 Rf6 35. Rd7+ Rf7 36. Rd8 b5 37. Ke2 a5 38. Kd3 Rb7 39. Kd4 Kf6 40. Rd6+ Ke7 41. Ke5 c5 42. Rd5 b4 43. c4 Rb6 44. Rxc5 Re6+ 45. Kf4 Rd6 46. Rd5 Rc6 47. b3 a4 48. Kg5 axb3 49. axb3 Ra6 50. Kxh5 Ra3 51. Rxf5 Rxb3 52. Kxg4 Rc3 53. Rb5 Rxc4+ 54. f4 1-0

[Event "EU Union-ch U15 11th"]
[Site "Mureck"]
[Date "2013.08.07"]
[Round "8"]
[White "Szuecs, Matyas"]
[Black "Ramadani, Sarah"]
[Result "1/2-1/2"]
[WhiteElo "2001"]
[BlackElo "1786"]
[PlyCount "91"]
[EventDate "2013.07.31"]
[EventType "swiss"]
[EventRounds "9"]
[EventCountry "AUT"]
[SourceTitle "CBM 155 Extra"]
[Source "ChessBase"]
[SourceDate "2013.08.26"]
[SourceVersion "1"]
[SourceVersionDate "2013.08.26"]
[SourceQuality "1"]

1. d4 Nf6 2. Nf3 g6 3. Nbd2 Bg7 4. e4 d6 5. Bd3 0-0 6. 0-0 Nbd7 7. c4 e5 8. d5 Ne8 9. Rb1 Nc5 10. Bc2 f5 11. b4 Nd7 12. Ne1 f4 13. f3 g5 14. g4 fxg3 15. hxg3 Rf6 16. Nd3 h5 17. Nf2 Rg6 18. Nb3 Bf8 19. Kg2 Nb6 20. Qd3 g4 21. f4 h4 22. f5 Rg7 23. Bh6 Rh7 24. Bxf8 Kxf8 25. Rh1 Ng7 26. c5 Nd7 27. gxh4 Nh5 28. Qe3 Ndf6 29. Nd3 Bd7 30. Rbg1 c6 31. cxd6 cxd5 32. Nxe5 dxe4 33. Nc5 Bxf5 34. Rf1 b6 35. Nxe4 Rc8 36. Bb1 Bxe4+ 37. Bxe4 Rg7 38. d7 Rc7 39. Bg6 Rxg6 40. Nxg6+ Kg7 41. Ne5 Rc2+ 42. Rf2 Qa8+ 43. Kg1 Rxf2 44. Qxf2 Qd5 45. Qe3 Qd1+ 46. Kg2 1/2-1/2

[Event "EU Union-ch U15 11th"]
[Site "Mureck"]
[Date "2013.08.04"]
[Round "5"]
[White "Petrov, Vladimir Sergeev"]
[Black "Ramadani, Sarah"]
[Result "1-0"]
[WhiteElo "2038"]
[BlackElo "1786"]
[PlyCount "81"]
[EventDate "2013.07.31"]
[EventType "swiss"]
[EventRounds "9"]
[EventCountry "AUT"]
[SourceTitle "CBM 155 Extra"]
[Source "ChessBase"]
[SourceDate "2013.08.26"]
[SourceVersion "1"]
[SourceVersionDate "2013.08.26"]
[SourceQuality "1"]

1. e4 c5 2. Nf3 e6 3. d4 cxd4 4. Nxd4 Nf6 5. Nc3 Nc6 6. Ndb5 d6 7. Bf4 e5 8. Bg5 a6 9. Na3 Be7 10. Nc4 Nd4 11. Bxf6 Bxf6 12. Nd5 b5 13. Ncb6 Rb8 14. Nxc8 Rxc8 15. c3 Nc6 16. a4 Rb8 17. axb5 axb5 18. Nxf6+ Qxf6 19. Qd5 Ne7 20. Bxb5+ Kf8 21. Qa8 Rc8 22. Ra7 g6 23. Qb7 Rc5 24. c4 h5 25. 0-0 h4 26. h3 g5 27. Rfa1 Rc8 28. f3 Rd8 29. Rd1 Ng6 30. c5 Kg7 31. Rxd6 Qf4 32. Bf1 Rb8 33. Qc6 Rh6 34. Qd5 Rxb2 35. Rxf7+ Qxf7 36. Rd7 Ne7 37. Qxe5+ Qf6 38. Rxe7+ Kf8 39. Re8+ Kf7 40. Bc4+ Kg6 41. Rg8+ 1-0

[Event "SLO-ch U20 Girls"]
[Site "Kope"]
[Date "2013.07.13"]
[Round "1"]
[White "Ramadani, Sarah"]
[Black "Majcen, Maja"]
[Result "1-0"]
[WhiteElo "1796"]
[BlackElo "1403"]
[PlyCount "69"]
[EventDate "2013.07.13"]
[EventType "swiss"]
[EventRounds "7"]
[EventCountry "SLO"]
[SourceTitle "EXT 2024"]
[Source "ChessBase"]
[SourceDate "2023.10.10"]
[SourceVersion "1"]
[SourceVersionDate "2023.10.10"]
[SourceQuality "1"]

1. e4 e5 2. Nf3 Nc6 3. Bc4 Nf6 4. d4 exd4 5. e5 Qe7 6. 0-0 Ng4 7. Bg5 Qb4 8. b3 Ncxe5 9. Nxe5 Nxe5 10. Re1 f6 11. Bd2 Qc5 12. f4 d6 13. Kh1 Be7 14. fxe5 dxe5 15. a3 Qc6 16. c3 dxc3 17. Nxc3 Bd7 18. Bb5 Qe6 19. Bd3 0-0-0 20. Qc2 h6 21. Rec1 Kb8 22. Be3 Bd6 23. a4 Rhe8 24. a5 a6 25. b4 f5 26. b5 axb5 27. a6 bxa6 28. Rxa6 e4 29. Be2 Qe5 30. g3 g5 31. Rca1 c5 32. Nxb5 Be6 33. Nxd6 Rf8 34. Rb1+ Kc7 35. Rb7# 1-0

[Event "SLO-chT U16 Girls"]
[Site "Rogla"]
[Date "2013.05.10"]
[Round "1"]
[White "Ramadani, Sarah"]
[Black "Dobrovoljc, Andreja"]
[Result "0-1"]
[WhiteElo "1796"]
[BlackElo "1676"]
[PlyCount "116"]
[EventDate "2013.05.10"]
[EventType "team"]
[EventRounds "6"]
[EventCountry "SLO"]
[SourceTitle "EXT 2015"]
[Source "ChessBase"]
[SourceDate "2014.11.20"]
[SourceVersion "1"]
[SourceVersionDate "2014.11.20"]
[SourceQuality "1"]

1. e4 c5 2. d4 cxd4 3. c3 dxc3 4. Nxc3 d6 5. Nf3 Nf6 6. Bc4 g6 7. Qe2 Bg4 8. 0-0 Bxf3 9. Qxf3 Bg7 10. Rd1 Nbd7 11. Bf4 0-0 12. Rac1 Nh5 13. g3 Nxf4 14. gxf4 Rc8 15. Bd5 Bxc3 16. Rxc3 Rxc3 17. Qxc3 Qb6 18. f5 Nf6 19. fxg6 hxg6 20. Rd3 Nxd5 21. exd5 Qc5 22. Qd2 Kg7 23. b4 Qc8 24. Qb2+ f6 25. Rg3 Qf5 26. Qe2 Qxd5 27. Qxe7+ Rf7 28. Qe2 Rc7 29. Qf3 Qxf3 30. Rxf3 f5 31. Rd3 Rd7 32. f4 Kf6 33. h4 d5 34. Kf2 d4 35. Ke2 Re7+ 36. Kd2 Re4 37. Rf3 Kg7 38. Kd3 Kh6 39. Rf1 Kh5 40. b5 a6 41. bxa6 bxa6 42. a4 Kxh4 43. Rh1+ Kg4 44. Rg1+ Kxf4 45. Rxg6 Re3+ 46. Kd2 a5 47. Ra6 Re5 48. Kd3 Kf3 49. Rd6 Re3+ 50. Kd2 Ke4 51. Re6+ Kf3 52. Rd6 Re4 53. Rd5 f4 54. Rxa5 Re3 55. Rh5 Kg4 56. Rd5 Ra3 57. Rxd4 Kg3 58. Rd8 Rxa4 0-1

[Event "SLO-chT U16 Girls"]
[Site "Rogla"]
[Date "2013.05.10"]
[Round "2"]
[White "Ramadani, Sarah"]
[Black "Nemec, Hana"]
[Result "1/2-1/2"]
[WhiteElo "1796"]
[BlackElo "1696"]
[PlyCount "109"]
[EventDate "2013.05.10"]
[EventType "team"]
[EventRounds "6"]
[EventCountry "SLO"]
[SourceTitle "EXT 2015"]
[Source "ChessBase"]
[SourceDate "2014.11.20"]
[SourceVersion "1"]
[SourceVersionDate "2014.11.20"]
[SourceQuality "1"]

1. e4 e6 2. d4 d5 3. Nd2 Nf6 4. e5 Nfd7 5. Bd3 c5 6. c3 Nc6 7. Ne2 Qb6 8. Nf3 cxd4 9. cxd4 f6 10. exf6 Nxf6 11. 0-0 Bd6 12. b3 0-0 13. Bf4 Qc7 14. Bxd6 Qxd6 15. Ng3 Bd7 16. Rc1 Rac8 17. Re1 Rfe8 18. Bb5 a6 19. Bxc6 Rxc6 20. Ne5 Rc7 21. Rxc7 Qxc7 22. Nxd7 Qxd7 23. Re5 Qc6 24. h3 Qc3 25. Ne2 Qb2 26. Nf4 Rc8 27. Re2 Rc1 28. Rxb2 Rxd1+ 29. Kh2 Rxd4 30. Nxe6 Re4 31. Nc5 Re7 32. f3 Kf7 33. b4 Rc7 34. g4 h6 35. Rd2 a5 36. a3 axb4 37. axb4 Rc6 38. h4 Rb6 39. g5 hxg5 40. hxg5 Nh7 41. Rxd5 Rxb4 42. Kg3 Rb5 43. Rd7+ Kg6 44. Nxb7 Rxg5+ 45. Kf2 Rf5 46. Nd6 Rd5 47. Nc4 Rxd7 48. Ne5+ Kf5 49. Nxd7 Ng5 50. Nc5 Nxf3 51. Kxf3 g5 52. Nd3 g4+ 53. Kg3 Kg5 54. Ne5 Kf5 55. Nxg4 1/2-1/2

[Event "SLO-ch U14"]
[Site "Murska Sobota"]
[Date "2013.02.28"]
[Round "8"]
[White "Zamar Kodelja, Jurij"]
[Black "Ramadani, Sarah"]
[Result "1/2-1/2"]
[WhiteElo "1783"]
[BlackElo "1801"]
[PlyCount "83"]
[EventDate "2013.02.23"]
[EventType "swiss"]
[EventRounds "9"]
[EventCountry "SLO"]
[SourceTitle "EXT 2022"]
[Source "ChessBase"]
[SourceDate "2021.10.06"]
[SourceVersion "1"]
[SourceVersionDate "2021.10.06"]
[SourceQuality "1"]

1. c4 e5 2. Nc3 Nf6 3. g3 c6 4. e4 Bc5 5. Bg2 d6 6. h3 Be6 7. d3 h6 8. Nge2 Nbd7 9. 0-0 Nf8 10. Kh2 g5 11. Na4 Ng6 12. Rb1 Bb6 13. b4 Nh7 14. c5 Bc7 15. Nec3 b5 16. cxd6 Bxd6 17. Nc5 Bxc5 18. bxc5 Qd4 19. Qc2 Qxc5 20. Be3 Qe7 21. Ne2 Rc8 22. Kg1 Qd7 23. Kh2 h5 24. f4 gxf4 25. gxf4 exf4 26. Nxf4 Nxf4 27. Bxf4 Rg8 28. Qe2 Nf8 29. Rbd1 Ng6 30. Bg5 Qd6+ 31. Kh1 Qg3 32. Qe3 Qxe3 33. Bxe3 Nh4 34. Rf2 a6 35. a3 Kd7 36. Kh2 Nxg2 37. Rxg2 Rxg2+ 38. Kxg2 Rg8+ 39. Kh2 Kc7 40. d4 Re8 41. Bf4+ Kb7 42. d5 1/2-1/2

[Event "SLO-ch U14"]
[Site "Murska Sobota"]
[Date "2013.02.25"]
[Round "5"]
[White "Znidaric, Anze"]
[Black "Ramadani, Sarah"]
[Result "0-1"]
[WhiteElo "1827"]
[BlackElo "1801"]
[PlyCount "84"]
[EventDate "2013.02.23"]
[EventType "swiss"]
[EventRounds "9"]
[EventCountry "SLO"]
[SourceTitle "EXT 2022"]
[Source "ChessBase"]
[SourceDate "2021.10.06"]
[SourceVersion "1"]
[SourceVersionDate "2021.10.06"]
[SourceQuality "1"]

1. d4 Nf6 2. Nf3 g6 3. g3 Bg7 4. Bg2 0-0 5. 0-0 d6 6. c4 Nc6 7. Nc3 a6 8. h3 Bd7 9. e4 e5 10. Be3 exd4 11. Nxd4 Qc8 12. Kh2 Ne5 13. Qe2 c5 14. Nc2 Rb8 15. Rfd1 Be6 16. Nd5 Bxd5 17. cxd5 b5 18. b3 Re8 19. Rac1 Qb7 20. Bf4 Nfd7 21. Bxe5 Nxe5 22. f4 Nd7 23. Qf2 Re7 24. e5 Qb6 25. exd6 Qxd6 26. Re1 Nb6 27. Rxe7 Qxe7 28. Rd1 Qd6 29. f5 Rf8 30. fxg6 fxg6 31. Qe3 Rd8 32. Qd3 Be5 33. Rd2 h5 34. h4 g5 35. hxg5 h4 36. Ne3 hxg3+ 37. Kg1 Bd4 38. Bh3 Nxd5 39. Kh1 Nxe3 40. Qe4 Kg7 41. Qb7+ Kh8 42. Bg2 Qf4 0-1

[Event "SLO-ch U14"]
[Site "Murska Sobota"]
[Date "2013.02.23"]
[Round "2"]
[White "Ramadani, Sarah"]
[Black "Kmetic, Anej"]
[Result "1/2-1/2"]
[WhiteElo "1801"]
[BlackElo "1583"]
[PlyCount "61"]
[EventDate "2013.02.23"]
[EventType "swiss"]
[EventRounds "9"]
[EventCountry "SLO"]
[SourceTitle "EXT 2022"]
[Source "ChessBase"]
[SourceDate "2021.10.06"]
[SourceVersion "1"]
[SourceVersionDate "2021.10.06"]
[SourceQuality "1"]

1. e4 d5 2. exd5 Qxd5 3. Nc3 Qa5 4. d4 Nf6 5. Bc4 c6 6. Nf3 Bg4 7. Bd2 Nbd7 8. Nd5 Qd8 9. Nxf6+ Nxf6 10. Bxf7+ Kxf7 11. Ne5+ Ke8 12. Nxg4 Qxd4 13. Nxf6+ exf6 14. Qe2+ Kf7 15. Bc3 Bb4 16. 0-0 Bxc3 17. bxc3 Qxc3 18. Rad1 Rad8 19. Rfe1 Rhe8 20. Qh5+ Kf8 21. Rxe8+ Rxe8 22. g3 Qxc2 23. h4 Qe2 24. Qc5+ Re7 25. Rd7 b6 26. Qxc6 Rxd7 27. Qxd7 Qxa2 28. Qd8+ Kf7 29. Qd7+ Kg6 30. Qg4+ Kh6 31. Qf4+ 1/2-1/2

[Event "Wch U14 Girls"]
[Site "Maribor"]
[Date "2012.11.14"]
[Round "7.36"]
[White "Ramadani, Sarah"]
[Black "Silva, Mariana Sofia Teixe"]
[Result "1-0"]
[WhiteElo "1804"]
[BlackElo "1501"]
[PlyCount "67"]
[EventDate "2012.11.08"]
[EventType "swiss"]
[EventRounds "11"]
[EventCountry "SLO"]
[SourceTitle "EXT 2013"]
[Source "ChessBase"]
[SourceDate "2012.11.22"]
[SourceVersion "1"]
[SourceVersionDate "2012.11.22"]
[SourceQuality "1"]

1. e4 c6 2. d4 d5 3. Nd2 dxe4 4. Nxe4 Bf5 5. Ng3 Bg6 6. h4 h6 7. h5 Bh7 8. Nf3 Nd7 9. Bd3 Bxd3 10. Qxd3 Ngf6 11. Bf4 Qa5+ 12. Bd2 Qc7 13. 0-0-0 e6 14. Ne4 Nxe4 15. Qxe4 Nf6 16. Qe2 0-0-0 17. c4 Bd6 18. g3 Kb8 19. c5 Nd5 20. cxd6 Rxd6 21. Kb1 Qb6 22. Qc4 Rd7 23. Qb3 Qa6 24. Ne5 Rc7 25. Nd3 Rhc8 26. Rc1 Qb5 27. Qxb5 cxb5 28. Rxc7 Rxc7 29. Nb4 Nxb4 30. Bxb4 Rd7 31. Bf8 f6 32. Re1 Rxd4 33. Bxg7 Rd5 34. Rh1 1-0

[Event "Wch U14 Girls"]
[Site "Maribor"]
[Date "2012.11.12"]
[Round "5.20"]
[White "Ramadani, Sarah"]
[Black "Drogovoz, Irina"]
[Result "0-1"]
[WhiteElo "1804"]
[BlackElo "1921"]
[PlyCount "96"]
[EventDate "2012.11.08"]
[EventType "swiss"]
[EventRounds "11"]
[EventCountry "SLO"]
[SourceTitle "EXT 2013"]
[Source "ChessBase"]
[SourceDate "2012.11.22"]
[SourceVersion "1"]
[SourceVersionDate "2012.11.22"]
[SourceQuality "1"]

1. e4 c5 2. d4 cxd4 3. c3 dxc3 4. Nxc3 e6 5. Nf3 a6 6. Bc4 Nc6 7. Qe2 Nge7 8. 0-0 Ng6 9. Bg5 f6 10. Be3 Bd6 11. Rac1 0-0 12. Rfd1 Qc7 13. Qd2 Bf4 14. Qe2 Bxe3 15. fxe3 b5 16. Bb3 Qa7 17. h4 Nge5 18. Kh1 Qb8 19. Nd4 Bb7 20. a3 Nf7 21. Rf1 Qg3 22. Rf3 Qxh4+ 23. Rh3 Nxd4 24. exd4 Qg5 25. Rf1 Qg6 26. d5 Rfe8 27. dxe6 dxe6 28. Bc2 Ne5 29. Rf4 Red8 30. Rfh4 h6 31. Kh2 Qg5 32. Bb3 Kf7 33. Rh5 Qf4+ 34. Rg3 Rd3 35. Qe1 Rxg3 36. Qxg3 Ng4+ 37. Kh3 Nf2+ 38. Kh2 Qxg3+ 39. Kxg3 Nxe4+ 40. Nxe4 Bxe4 41. Rc5 Re8 42. Kf2 f5 43. g3 Kf6 44. a4 Rd8 45. axb5 Rd2+ 46. Ke1 Rxb2 47. Bc4 axb5 48. Bxb5 Rc2 0-1

[Event "Wch U14 Girls"]
[Site "Maribor"]
[Date "2012.11.11"]
[Round "4.25"]
[White "Dadello, Aleksandra"]
[Black "Ramadani, Sarah"]
[Result "1/2-1/2"]
[WhiteElo "1863"]
[BlackElo "1804"]
[PlyCount "85"]
[EventDate "2012.11.08"]
[EventType "swiss"]
[EventRounds "11"]
[EventCountry "SLO"]
[SourceTitle "EXT 2013"]
[Source "ChessBase"]
[SourceDate "2012.11.22"]
[SourceVersion "1"]
[SourceVersionDate "2012.11.22"]
[SourceQuality "1"]

1. e4 c5 2. Nf3 d6 3. d4 cxd4 4. Nxd4 Nf6 5. Nc3 a6 6. f3 e6 7. Be3 b5 8. g4 h6 9. Qd2 Nbd7 10. h4 Nb6 11. a4 Nc4 12. Bxc4 bxc4 13. a5 Nd7 14. Na4 Bb7 15. Ne2 d5 16. exd5 Bxd5 17. Rh3 Ne5 18. Nd4 Be7 19. 0-0-0 Rb8 20. Nb6 Bc5 21. Nxe6 fxe6 22. Bxc5 Qc7 23. Qe3 Kf7 24. Nxd5 exd5 25. Rxd5 Rhe8 26. Qd2 Qb7 27. Bb6 Nd3+ 28. Rxd3 cxd3 29. Qxd3 Re1+ 30. Kd2 Rbe8 31. Rh2 Kg8 32. Rg2 Qe7 33. Qc4+ Kh8 34. g5 Rd1+ 35. Kc3 Qb7 36. Qg4 Rc8+ 37. Kb4 Qc6 38. c4 Qd6+ 39. Kc3 Qd3+ 40. Kb4 Qd6+ 41. Kb3 Qd3+ 42. Kb4 Qd6+ 43. Kb3 1/2-1/2

[Event "Sentjur Ipavec Memorial 13th"]
[Site "Sentjur"]
[Date "2012.09.24"]
[Round "8"]
[White "Kostovic, Dar"]
[Black "Ramadani, Sarah"]
[Result "1-0"]
[WhiteElo "1951"]
[BlackElo "1757"]
[PlyCount "161"]
[EventDate "2012.09.19"]
[EventType "swiss"]
[EventRounds "9"]
[EventCountry "SLO"]
[SourceTitle "EXT 2015"]
[Source "ChessBase"]
[SourceDate "2014.11.20"]
[SourceVersion "1"]
[SourceVersionDate "2014.11.20"]
[SourceQuality "1"]

1. Nf3 Nf6 2. c4 g6 3. Nc3 Bg7 4. e4 d6 5. d4 0-0 6. Be2 e5 7. 0-0 Nc6 8. d5 Ne7 9. b4 Nd7 10. Nd2 f5 11. f3 f4 12. c5 Nf6 13. Nc4 g5 14. Nb5 Ne8 15. Bd2 Ng6 16. a4 Rf7 17. Be1 Bf8 18. Bf2 a6 19. Nc3 h5 20. cxd6 cxd6 21. Nb6 Rb8 22. b5 Nf6 23. Nxc8 Rxc8 24. Rc1 axb5 25. Nxb5 Rxc1 26. Qxc1 g4 27. Qc2 Rg7 28. Rc1 gxf3 29. Bxf3 Ng4 30. Qc8 Qg5 31. Rc7 Nh4 32. Rxg7+ Kxg7 33. Qd7+ Be7 34. Bxg4 hxg4 35. Nxd6 g3 36. hxg3 fxg3 37. Bxg3 Nf3+ 38. Kf2 Nd4 39. Nf5+ Nxf5 40. Bxe5+ Kg6 41. Qxf5+ Qxf5+ 42. exf5+ Kxf5 43. Bg3 Ke4 44. d6 Bd8 45. Ke2 Kd4 46. Kd2 Kc4 47. Bf4 Kb4 48. g4 Kc5 49. Kd3 Kd5 50. Ke3 Bb6+ 51. Kf3 Bd8 52. Ke3 Bb6+ 53. Kd3 Bd8 54. Bh2 Bf6 55. Kc2 Ke4 56. Kb3 Kf3 57. Kc4 Kxg4 58. Bg1 Kf5 59. Kd5 Bd8 60. Bd4 Ba5 61. Bg7 Kg6 62. Bf8 Kf7 63. Be7 Bb6 64. Bh4 Ba5 65. d7 Bc7 66. Kc5 Ke6 67. d8Q Bxd8 68. Bxd8 Kd7 69. Bb6 Kc8 70. Ba7 Kc7 71. a5 Kd7 72. Bb8 Kc8 73. Bf4 b5 74. axb6 Kb7 75. Kb5 Ka8 76. Bd2 Kb7 77. Ka5 Kb8 78. Ka6 Kc8 79. Bf4 Kd7 80. Ka7 Kc8 81. b7+ 1-0

[Event "Sentjur Ipavec Memorial 13th"]
[Site "Sentjur"]
[Date "2012.09.21"]
[Round "3"]
[White "Orehek, Spela"]
[Black "Ramadani, Sarah"]
[Result "1/2-1/2"]
[WhiteElo "2048"]
[BlackElo "1757"]
[PlyCount "78"]
[EventDate "2012.09.19"]
[EventType "swiss"]
[EventRounds "9"]
[EventCountry "SLO"]
[SourceTitle "EXT 2015"]
[Source "ChessBase"]
[SourceDate "2014.11.20"]
[SourceVersion "1"]
[SourceVersionDate "2014.11.20"]
[SourceQuality "1"]

1. e4 c5 2. Nf3 d6 3. Bb5+ Bd7 4. Bxd7+ Qxd7 5. c4 Nc6 6. d4 cxd4 7. Nxd4 Nf6 8. Nc3 e6 9. 0-0 Be7 10. b3 0-0 11. Bb2 Nxd4 12. Qxd4 Qc6 13. Rad1 Rfd8 14. Kh1 Rd7 15. f4 Rad8 16. Qe3 Bf8 17. e5 dxe5 18. fxe5 Bc5 19. Qg5 h6 20. Qh4 Rd4 21. Rxd4 Rxd4 22. Qf2 Rd1 23. Qe2 Rxf1+ 24. Qxf1 Ng4 25. h3 Nf2+ 26. Kh2 Bd4 27. Nd5 exd5 28. Bxd4 Ne4 29. Bxa7 Qa6 30. Bb8 Qxa2 31. Qd3 Qf2 32. e6 fxe6 33. cxd5 Nd2 34. dxe6 Nf1+ 35. Kh1 Ne3 36. Qg6 Qe1+ 37. Kh2 Nf1+ 38. Kg1 Ng3+ 39. Kh2 Nf1+ 1/2-1/2

[Event "Graz op-A 19th"]
[Site "Graz"]
[Date "2012.09.02"]
[Round "9"]
[White "Pfaffel, Thomas"]
[Black "Ramadani, Sarah"]
[Result "1-0"]
[WhiteElo "2131"]
[BlackElo "1722"]
[PlyCount "49"]
[EventDate "2012.08.25"]
[EventType "swiss"]
[EventRounds "9"]
[EventCountry "AUT"]
[SourceTitle "CBM 150 Extra"]
[Source "ChessBase"]
[SourceDate "2012.10.19"]
[SourceVersion "1"]
[SourceVersionDate "2012.10.19"]
[SourceQuality "1"]

1. Nf3 Nf6 2. g3 g6 3. Bg2 Bg7 4. 0-0 0-0 5. c4 d6 6. d4 c5 7. Nc3 Nc6 8. dxc5 dxc5 9. Be3 Be6 10. Bxc5 Bxc4 11. Nd4 Qc7 12. Nxc6 bxc6 13. Qa4 Bb5 14. Qa3 a6 15. Bxe7 Rfe8 16. Bd6 Qc8 17. Rfe1 Ra7 18. Qc5 Rb7 19. Rac1 Nd7 20. Qa3 Re6 21. Nxb5 Rxb5 22. Rxc6 Qe8 23. Qxa6 Nb8 24. Qxb5 Rxd6 25. Rb6 1-0

[Event "Graz op-A 19th"]
[Site "Graz"]
[Date "2012.08.31"]
[Round "7"]
[White "Ramadani, Sarah"]
[Black "Neubauer, Anton"]
[Result "1-0"]
[WhiteElo "1722"]
[BlackElo "1909"]
[PlyCount "99"]
[EventDate "2012.08.25"]
[EventType "swiss"]
[EventRounds "9"]
[EventCountry "AUT"]
[SourceTitle "CBM 150 Extra"]
[Source "ChessBase"]
[SourceDate "2012.10.19"]
[SourceVersion "1"]
[SourceVersionDate "2012.10.19"]
[SourceQuality "1"]

1. e4 e6 2. d4 d5 3. Nd2 Nf6 4. e5 Nfd7 5. Bd3 c5 6. c3 Nc6 7. Ndf3 Be7 8. Ne2 a6 9. Be3 cxd4 10. cxd4 f6 11. exf6 Nxf6 12. 0-0 Bd7 13. Ne5 0-0 14. Ng3 Be8 15. f4 Qb6 16. Rf2 Kh8 17. Bb1 g6 18. Nf1 Rc8 19. g4 Qd8 20. Ng3 Nxe5 21. fxe5 Ng8 22. Rxf8 Bxf8 23. Bd3 Ne7 24. Qf3 Bg7 25. h4 Nc6 26. h5 Nb4 27. h6 Nxd3 28. hxg7+ Kxg7 29. Rf1 Qe7 30. Bg5 Nxe5 31. dxe5 Qc5+ 32. Kh1 Rc7 33. Rc1 Qb6 34. Qf6+ Kg8 35. Rxc7 Qxc7 36. Qxe6+ Bf7 37. Qd6 Qc8 38. Qd8+ Qxd8 39. Bxd8 Be6 40. g5 Kf7 41. Ne2 Ke8 42. Bf6 d4 43. Nxd4 Bxa2 44. e6 b5 45. b4 a5 46. bxa5 b4 47. a6 Bd5+ 48. Kh2 b3 49. a7 b2 50. Nb5 1-0

[Event "Graz op-A 19th"]
[Site "Graz"]
[Date "2012.08.29"]
[Round "5"]
[White "Ramadani, Sarah"]
[Black "Liebhart, Marcel"]
[Result "1/2-1/2"]
[WhiteElo "1722"]
[BlackElo "2068"]
[PlyCount "68"]
[EventDate "2012.08.25"]
[EventType "swiss"]
[EventRounds "9"]
[EventCountry "AUT"]
[SourceTitle "CBM 150 Extra"]
[Source "ChessBase"]
[SourceDate "2012.10.19"]
[SourceVersion "1"]
[SourceVersionDate "2012.10.19"]
[SourceQuality "1"]

1. e4 c5 2. c3 b6 3. d4 Bb7 4. d5 Nf6 5. f3 e5 6. Nh3 d6 7. Be2 Qd7 8. Na3 Ba6 9. c4 Bc8 10. 0-0 Be7 11. Qc2 Qd8 12. Nf2 g5 13. Bxg5 Nxd5 14. Bxe7 Nxe7 15. Nd3 Nbc6 16. Qd2 Ng6 17. f4 Nd4 18. Bd1 Bd7 19. Qf2 Qe7 20. Nc2 Nxc2 21. Bxc2 Nxf4 22. Nxf4 exf4 23. Qxf4 Be6 24. e5 0-0-0 25. Bf5 dxe5 26. Qxe5 Rhg8 27. Qe4 Kc7 28. Bxh7 Rg4 29. Qe5+ Qd6 30. Qxd6+ Rxd6 31. b3 Rd2 32. Rf2 Rxf2 33. Kxf2 Rh4 34. Bd3 Rxh2 1/2-1/2

[Event "EU Union-ch U14 10th"]
[Site "Mureck"]
[Date "2012.08.06"]
[Round "6"]
[White "Plenca, Jadranko"]
[Black "Ramadani, Sarah"]
[Result "1-0"]
[WhiteElo "2061"]
[BlackElo "1722"]
[PlyCount "59"]
[EventDate "2012.08.01"]
[EventType "swiss"]
[EventRounds "9"]
[EventCountry "AUT"]
[SourceTitle "CBM 149 Extra"]
[Source "ChessBase"]
[SourceDate "2012.08.24"]
[SourceVersion "1"]
[SourceVersionDate "2012.08.24"]
[SourceQuality "1"]

1. e4 e5 2. Nf3 d6 3. d4 Nf6 4. Nc3 Nbd7 5. Bc4 Be7 6. 0-0 c6 7. a4 Qc7 8. h3 h6 9. Be3 g5 10. Nh2 Nf8 11. Qd2 Ng6 12. Rab1 Nf4 13. Bxf4 gxf4 14. b4 h5 15. Rfe1 Bd7 16. d5 Qc8 17. dxc6 bxc6 18. Qd3 a6 19. a5 Rg8 20. Kh1 Be6 21. Na4 d5 22. Nb6 dxc4 23. Qc3 Qb7 24. Nxa8 Qxa8 25. Qxe5 Qb7 26. Qxf4 c3 27. Qe5 h4 28. Qxc3 Qc8 29. Rbd1 Qb7 30. Nf3 1-0

[Event "SLO-ch U20 Girls"]
[Site "Kamnik"]
[Date "2012.06.23"]
[Round "1"]
[White "Drobnic, Simona"]
[Black "Ramadani, Sarah"]
[Result "0-1"]
[WhiteElo "1380"]
[BlackElo "1708"]
[PlyCount "54"]
[EventDate "2012.06.23"]
[EventType "swiss"]
[EventRounds "7"]
[EventCountry "SLO"]
[SourceTitle "EXT 2019"]
[Source "ChessBase"]
[SourceDate "2018.10.10"]
[SourceVersion "1"]
[SourceVersionDate "2018.10.10"]
[SourceQuality "1"]

1. e4 e5 2. Nf3 d6 3. Nc3 Nf6 4. d3 Nbd7 5. Be3 Be7 6. g3 h6 7. Bg2 c6 8. d4 Qc7 9. d5 g5 10. dxc6 bxc6 11. Nd2 Nf8 12. Nb3 Ng6 13. Qd2 Be6 14. 0-0-0 a5 15. Na4 c5 16. Qd3 c4 17. Qc3 Bd8 18. Nb6 Ra6 19. Nxa5 0-0 20. Nbxc4 Qc8 21. Bd2 Bxc4 22. Nxc4 Rxa2 23. Kb1 Ra6 24. Bf1 Qa8 25. Na3 Ba5 26. Qf3 Nxe4 27. Qe2 Nxd2+ 0-1